=LDR 00000nam 2200000 4500 =001 INLIS000000000008573 =005 20130612100426 =008 ***********************************Ind** =035 ##$$0010-061300000008573 =041 ##$$a Ind =082 ##$$a 372.8 =090 ##$$a 372.8, sar p =100 ##$$a Sartono, Enco =245 ##$$a PPkn 5A, Drs. Enco Sartono =260 ##$$a 2001 $b Jakarta =300 ##$$a 112 hlm, 21 cm =650 ##$$a PPKN Pend - Dasar =850 ##$$a NBPNMAT